00871nam a22002055i 4500001000700000003000900007005001700016008004100033040002000074100003500094245016400129260008300293300004500376650002600421651005000447655001200497700007000509752003100579852005500610156087ES-MaACL20250804062646.0040727s1890 xxk |||| | eng d aCAM bspa cCAM0 aIrving, Washington,d1783-185912aA chronicle of the conquest of Granada b: fron the Mss. of Fray Antonio Agapida ; To which is added Legends of the conquest of Spain / cby Washington Irving. aLondon : bGeorge Bell and Sons, c1890 (fprinted by William Clowes and Sons) a2 v. (VIII, 248 ; 249-492 p.) ; c18 cm. 7aNovela inglesa2embne 4aEspaña-xHistoria-y0711-1492, Reconquista. 0aNovelas 1aIrving, Washington,d1783-1859.tLegends of the conquest of Spain aGran Bretaña - cLondres aES-MaACLjG-10549-10550 z-- Enc. pasta española